00543pab a2200157 454500008004000000100002500040245013800065260000900203300001500212362001200227650002900239650002700268650001900295700002000314773005100334180718b2010 xxu||||| |||| 00| 0 eng d aPriyadarshee, Anurag aDecentralization, service delivery, and people's perspectives: Empirical observations on selected social protection programs in India c2010 ap.752-766. aOct-Nov aDecentralization - India aSocial welfare - India aSocial welfare aHossain, Farhad aInternational Journal of Public Administration